Nr. 1 Hits in den USA 1994 - Statistiken

Allgemein
  • Dieses Quiz wurde 20 mal gespielt
  • Das Durchschnittsergebnis liegt bei 5 aus 10
Antwortstatistiken
Wochen auf Platz 1 Lied Interpret % Korrekt
6 Wochen The Sign Ace of Base
80%
14 Wochen I’ll Make Love to You Boyz II Men
80%
6 Wochen On Bended Knee Boyz II Men
80%
4 Wochen Hero Mariah Carey
60%
3 Wochen All for Love Bryan Adams, Rod Stewart& Sting
53%
11 Wochen I Swear All-4-One
33%
4 Wochen The Power of Love Céline Dion
27%
2 Wochen Here Comes the Hotstepper Ini Kamoze
27%
3 Wochen Stay (I Missed You) Lisa Loeb & Nine Stories
7%
4 Wochen Bump n’ Grind R. Kelly
7%
Keine übereinstimmenden Quizze gefunden
Verteilung der Resultate
Anzahl Personen mit jedem Resultat
Perzentil nach korrekt beantworteten Fragen
Ihre Resultats-Entwicklung
Sie haben dieses Quiz noch nicht gespielt